| 000 | 00535nam a2200229Ia 4500 | ||
|---|---|---|---|
| 003 | OSt | ||
| 005 | 20230601152128.0 | ||
| 008 | 210423s1986 xx 000 0 und d | ||
| 040 | _cAL | ||
| 041 | _aeng | ||
| 082 |
_a340 _223 _bGUPC |
||
| 100 |
_aGUPTA _9118225 |
||
| 245 | _aCompensation claims | ||
| 250 | _a4 | ||
| 260 |
_aHydrabad _bAsian law house _c1986 |
||
| 300 |
_a176 _bPB |
||
| 365 |
_b85 _cINR |
||
| 650 |
_aLaw _9118226 |
||
| 650 |
_aSocial Sciences _9118227 |
||
| 906 | _aclaims ; Compensation | ||
| 942 |
_2ddc _cBK |
||
| 999 |
_c174700 _d174700 |
||